YEŞİL TATİL (Record no. 726180)

MARC details
000 -LEADER
sabit uzunluktaki kontrol alanı 00249nam a2200097Ia 4500
001 - KONTROL NUMARASI
kontrol alanı 726180
005 - EN SON İŞLEMİN TARİH VE ZAMANI
kontrol alanı 20250826163423.0
008 - SABİT-UZUNLUKTA VERİ ÖĞELERİ--GENEL BİLGİ
sabit uzunluktaki kontrol alanı 250824s9999 xx 000 0 und d
245 #0 - ESER / YAZAR
ESER ADI YEŞİL TATİL
Yazar Adı TURGAY FİŞEKÇİ
260 ## - YAYIN, DAĞITIM, VB.
YAYIN EVİ GÜNIŞIĞI KİTAPLIĞI
Holdings
Düşüm durumu Kayıp durumu Hasar Durumu Ödünç verilmez Ana kütüphane Geçerli Kütüphane Edinilen tarih Toplam ödünç verme sayısı Barkod Son görüntüleme tarihi Fiyatın geçerli olmaya başladığı tarih Koha materyal türü
        REBİİ KARATEKİN ORTAOKULU REBİİ KARATEKİN ORTAOKULU 24.08.2025   10112781 26.08.2025 26.08.2025 Books